Life and art of Richard Mansfield : with selections from his letters.

Bibliographic Details
Main Author: Winter, William, 1836-1917
Format: Book
Language:English
Published: Westport, Conn. : Greenwood Press, [1970]
Subjects:

MARC

Tag First Indicator Second Indicator Subfields
LEADER 00000cam a2200000 4500
001 in00000173721
005 20151008081820.0
008 710323r19701910ctuac 00000beng
010 |a  70100211  
020 |a 0837140846 
035 |a (OCoLC)00128425 
035 |9 AAT4938AM 
040 |a DLC  |c DLC  |d TXA  |d UtOrBLW 
049 |a TXAM  |v 1 [706834]  |v 2 [706835] 
050 0 0 |a PN2287.M4  |b W6 1970b 
082 0 |a 792/.028/0924  |a B 
100 1 |a Winter, William,  |d 1836-1917. 
245 1 0 |a Life and art of Richard Mansfield :  |b with selections from his letters. 
264 1 |a Westport, Conn. :  |b Greenwood Press,  |c [1970] 
300 |a 2 volumes :  |b illustrations, portraits ;  |c 23 cm. 
336 |a text  |b txt  |2 rdacontent 
337 |a unmediated  |b n  |2 rdamedia 
338 |a volume  |b nc  |2 rdacarrier 
500 |a Reprint of the 1910 edition. 
600 1 0 |a Mansfield, Richard,  |d 1857-1907. 
999 |a MARS 
999 f f |s 569055dc-1a8f-3921-99f2-ee4102282812  |i bdd26ace-acfe-35e3-a0dd-fa4d2edb69ff  |t 0 
952 f f |p ric  |a Texas A&M University  |b Rellis Campus  |c Joint Library Facility  |d Remote Storage  |t 0  |e PN2287.M4 W6 1970b  |h Library of Congress classification  |i unmediated -- volume  |k v.1  |m A14803705151 
952 f f |p ric  |a Texas A&M University  |b Rellis Campus  |c Joint Library Facility  |d Remote Storage  |t 0  |e PN2287.M4 W6 1970b  |h Library of Congress classification  |i unmediated -- volume  |k v.2  |m A14803705169 
998 f f |a PN2287.M4 W6 1970b  |s v.1-v.2  |t 0  |l Remote Storage